Statistiken für Ortschaften von Seeboden

Klicken Sie hier um das Quiz zu spielen!

Allgemein

  • Dieses Quiz wurde 6 mal gespielt
  • Das Durchschnittsergebnis liegt bei 9 aus 22

Antwortstatistiken

Ortschaft% Korrekt
Seeboden am Millstättersee
100%
Lieserbrücke
60%
Lieserhofen
60%
Tangern
60%
Karlsdorf
40%
Kolm
40%
Kötzing
40%
Kras
40%
Liedweg
40%
Lieseregg
40%
Litzldorf
40%
Muskanitzen
40%
Raufen
40%
Schloßau
40%
Seebach
40%
Trasischk
40%
Treffling
40%
Am Tschiernock
20%
Lurnbichl
20%
Pirk
20%
St. Wolfgang
20%
Unterhaus
20%

Verteilung der Resultate

Perzentil nach korrekt beantworteten Fragen

Anzahl Personen mit jedem Resultat

Ihre Resultats-Entwicklung

Sie haben dieses Quiz noch nicht gespielt